LIBRARY & INFORMATION CENTRE, KCAET, TAVANUR

ONLINE PUBLIC ACCESS CATALOGUE (OPAC)

Design development and testing of an animal drawn dibbler for paddy (Record no. 15348)

MARC details
000 -LEADER
fixed length control field 00411nam a22001457a 4500
082 ## - DEWEY DECIMAL CLASSIFICATION NUMBER
Classification number 631.37
Item number JOH/DE
100 ## - MAIN ENTRY--AUTHOR NAME
Personal name JOHN, JOHN M
245 ## - TITLE STATEMENT
Title Design development and testing of an animal drawn dibbler for paddy
260 ## - PUBLICATION, DISTRIBUTION, ETC. (IMPRINT)
Place of publication Tavanur
Name of publisher Kelappaji College of Agricultural Engineering and Technology
Year of publication 1989
300 ## - PHYSICAL DESCRIPTION
Number of Pages 126
500 ## - GENERAL NOTE
General note thesis
520 ## - SUMMARY, ETC.
Summary, etc thesis
650 ## - SUBJECT ADDED ENTRY--TOPICAL TERM
Topical Term thesis
942 ## - ADDED ENTRY ELEMENTS (KOHA)
Koha item type Theses
Holdings
Withdrawn status Lost status Damaged status Home library Current library Date acquired Full call number Accession Number Koha item type Public note
      KAUAET KAUAET 31/05/1989 631.37 JOH/DE 16517 Theses M.Tech Thesis
free website counter